000 00874cam a2200301 4500
008 090401t1993 xxu||||| |||| 00| 0 eng d
020 _a0750612932
035 _a(Sirsi) u10082
041 _aeng
050 _a725.8
110 _aSports Council
_93184
245 _aHandbook of sports and recreational building design. Volume 1: outdoor sports.
250 _a2nd ed.
260 _aOxford
_bButterworth Architecture
_c1993
300 _axiv,281p. : ill. ; 30cm.
350 _a75
650 _aBUILT ENVIRONMENT-CONSTRUCTION DESIGN
650 _aLEISURE CENTRES
650 _aOUTDOOR SPORT
650 _aSPORTS CENTRES
650 _aSPORTS FACILITIES
650 _aSTADIA
650 _aWATER RECREATION
690 _aBUILT ENVIRONMENT-CONSTRUCTION DESIGN
700 _aGeraint, John and Campbell, Kit.,
_xEditor
942 _n0
948 _c04/03/1997
999 _c86698
_d86698